中国旅客吞吐量最大的机场 The busiest airports in China - Statistics

General Stats
  • This quiz has been taken 60 times
  • The average score is 16 of 18
Answer Stats
旅客吞吐量(万人) 机场 % Correct
2610 广州白云
100%
1471 上海虹桥
100%
1418 上海浦东
100%
1270 北京首都
100%
1028 北京大兴
100%
2156 深圳宝安
96%
2004 杭州萧山
96%
1214 南京禄口
96%
1782 成都双流
95%
1328 成都天府
95%
1161 武汉天河
93%
1356 西安咸阳
91%
2167 重庆江北
89%
1013 厦门高崎
89%
1251 长沙黄花
87%
1004 乌鲁木齐地窝堡
80%
2124 昆明长水
78%
1116 海口美兰
53%
No matching quizzes found
Score Distribution
Percent of People with Each Score
Percentile by Number Answered
Your Score History
You have not taken this quiz